Statistics for College Football on a Map: Big 12

Click here to take the quiz!

General Stats

  • This quiz has been taken 35 times
  • The average score is 11 of 14

Answers on the Map

Answers color-coded by a green-red scale on the quiz's map according to % correct below.
 

Answer Stats

Answer% Correct
BYU
88%
Cincinnati
88%
Iowa State
88%
Oklahoma
84%
UCF
84%
West Virginia
84%
Houston
80%
Texas
80%
Kansas
76%
Oklahoma State
76%
Texas Tech
72%
Baylor
64%
TCU
64%
Kansas State
60%

Score Distribution

Percentile by Number Answered

Percent of People with Each Score

Your Score History

You have not taken this quiz